Cuerpos, géneros y sexualidades : contextos mesoamericanos y contemporáneos /
Đã lưu trong:
| Tác giả chính: | |
|---|---|
| Tác giả khác: | |
| Định dạng: | Sách |
| Ngôn ngữ: | Tiếng Tây Ban Nha |
| Được phát hành: |
México :
Secretaría de Cultura : INAH,
2022, c2022
|
| Loạt: | (Interdisciplina INAH. Memorias)
|
| Những chủ đề: | |
| Các nhãn: |
Không có thẻ, Là người đầu tiên thẻ bản ghi này!
|
MARC
| LEADER | 00000nam^a2200000^a^4500 | ||
|---|---|---|---|
| 001 | 000579395 | ||
| 005 | 20250521000000.0 | ||
| 009 | 20260310132528.336 | ||
| 020 | |a 978-607-539-637-8 | ||
| 037 | |a Acervo ITESO - Biblioteca | ||
| 041 | |a ESP | ||
| 082 | |a 305. 30972 |b PEÑ | ||
| 100 | |a Peña Sánchez, Edith Yesenia |e (coordinación) | ||
| 245 | 1 | 0 | |a Cuerpos, géneros y sexualidades : |b contextos mesoamericanos y contemporáneos / |c Coord. de E.Y. Peña Sánchez, L. Hernández Albarrán. |
| 264 | 4 | |a México : |b Secretaría de Cultura : |b INAH, |c 2022, c2022 | |
| 300 | |a 295 p. | ||
| 336 | |a texto |b txt |2 rdacontenido | ||
| 337 | |a sin mediación |b n |2 rdamedio | ||
| 338 | |a volumen |b nc |2 rdasoporte | ||
| 440 | 1 | |a (Interdisciplina INAH. |p Memorias) | |
| 521 | |a FIL 2023 DIA | ||
| 649 | |a XX | ||
| 650 | |a Indígenas de América Central - |x Condiciones Sociales y Culturales | ||
| 650 | |a Cuerpo Humano - |x Aspectos Sociales y Culturales - |x Tema Principal | ||
| 650 | |a Prácticas Sexuales - |x Tema Principal | ||
| 650 | |a Prostitución | ||
| 650 | |a Prácticas Culturales | ||
| 650 | |a Discriminación de Género | ||
| 650 | |a Sexualidad | ||
| 650 | |a Género - |x Tema Principal | ||
| 650 | |a Antropología Cultural | ||
| 650 | |a Sociología de la Cultura | ||
| 650 | |a América Central - |x Historia | ||
| 650 | |a América Central - |x Condiciones Sociales y Culturales | ||
| 700 | |a Hernández Albarrán, Lilia |e (coordinación) | ||
| 910 | |a Fondo General | ||
| 920 | |a Impresos - Libros | ||
| 930 | |a Colección General | ||
| 905 | |a 101 | ||
| 901 | |a 0500403798 |b IT1 |c ACC |i C184610 |u 20250521 | ||
| 902 | |a https://opac.biblio.iteso.mx/vufind/Record/000579395 | ||